000 01000nam a22001935i 4500
001 157239
003 ES-MaACL
005 20250902093842.0
008 040817s1878 sp |||| | spa d
040 _aCAM
_bspa
_cCAM
110 2 _aReal Sociedad Económica de Amigos del País de la Provincia de Granada
_9138618
245 1 0 _aMemoria descriptiva de los trabajos en que durabte el año de 1877 se ocupó la Real Sociedad Económica de Amigos del País de la provincia de Granada /
_cleída en la sesión ordinaria ... el día 25 de marzo de 1878 por Francisco de Paula Laty y Calbelo.
260 _aGranada :
_b[s.n.],
_c1878 (
_fImprenta de Ventura Sabatel)
300 _a34 p. ;
_c22 cm.
610 2 4 _aReal Sociedad Económica de Amigos del País de la Provincia de Granada-
_vMemorias.
_9154094
700 1 _aLaty y Calbelo, Francisco de Paula.
_9128734
852 _aES-MaACL
_jT-692-F-5
_z-- Enc. hol., conservando la enc. original
_z-- Enc. en un vol. facticio
999 _c157239
_d157239